| 000 | 00692nam a2200193 i 4500 | ||
|---|---|---|---|
| 001 | 129990 | ||
| 003 | ES-MaACL | ||
| 005 | 20250907063109.0 | ||
| 007 | t| | ||
| 008 | 070713s1971 sp ||||1| spa d | ||
| 080 | _a2 Cecilia del Nacimiento (O.C.D.) | ||
| 100 | 0 |
_aCecilia del Nacimiento, _c(O.C.D.), _d1570-1646 _937322 |
|
| 245 | 1 | 0 |
_aObras completas / _cCecilia del Nacimiento, O.C.D. 1570-1646. Notas críticas y estudio de su vida mística. P. José M. Díaz, Cerón. |
| 260 |
_aMadrid : _bEdit. de Espiritualidad, _c[1971] |
||
| 300 |
_a955 p. ; _c18 cm. |
||
| 700 | 1 |
_aDíaz Cerón, José M. _944205 |
|
| 852 |
_aES-MaACL _jC-48207 _bR.76749 |
||
| 999 |
_c129990 _d129990 |
||